000 00607nam a2200193 a 4500
001 000028060
005 20240412074253.0
008 110406s1981 dr a 000 p spa d
040 _aDO-SdBNP
_bspa
_cBNPHU
082 _aRD861.44
_bV635v
100 1 _aVicioso, Sherezada,
_d1948-
_919504
245 1 0 _aViaje desde el agua /
_cSherezada Vicioso (Chiqui).
260 _aSanto Domingo :
_bVisuarte,
_c1981.
300 _a70 p. :
_bil. ;
_c21 cm.
590 _aInventariado, 2019 / DG
650 0 _aPoesía dominicana
_966
650 0 _aLiteratura dominicana.
_967
910 _aValidado. Control de calidad BNPHU
999 _c27552
_d27552